00329 a2200109 4500001001000000005001700010008004100027245004100068100003000109773006300139999001700202ART_3061620260410162002.0260409a 10aUn material conservador de energía1 aRodríguez Vidal, Raúl0 tForo económicog- Año III, Nº 4 (mayo 1997)wREV30369 c31420d31420